[Event "Zahara de la Sierra 2nd"]
[Site "Zahara de la Sierra"]
[Date "2023.04.08"]
[Round "7"]
[White "Iruzubieta Villaluenga, Jesus Maria"]
[Black "Blanco Acevedo, Cristobal Jose"]
[Result "0-1"]
[WhiteElo "2408"]
[BlackElo "2300"]
[PlyCount "116"]
[EventDate "2023.04.05"]
[EventType "tourn"]
[EventRounds "9"]
[EventCountry "ESP"]
[EventCategory "6"]
[SourceTitle "CBM 213 Extra"]
[Source "ChessBase"]
[SourceDate "2023.05.31"]
[SourceVersion "1"]
[SourceVersionDate "2023.05.31"]
[SourceQuality "1"]

1. e4 c5 2. Nc3 Nc6 3. Bb5 Nd4 4. Nf3 e6 5. 0-0 a6 6. Bd3 Ne7 7. Nxd4 cxd4 8. Ne2 Nc6 9. f4 Nb4 10. Rf3 Bc5 11. a3 Nxd3 12. Rxd3 d6 13. Kh1 e5 14. Rg3 h5 15. d3 g6 16. b4 Bb6 17. Rg5 Qe7 18. c4 Bd8 19. c5 Qe6 20. Rg3 h4 21. Rf3 f6 22. cxd6 Qxd6 23. h3 g5 24. fxg5 fxg5 25. Rf1 g4 26. Ng1 Rg8 27. Ra2 Be6 28. Raf2 Be7 29. hxg4 Rxg4 30. Bd2 b6 31. Be1 0-0-0 32. Rc2+ Kb7 33. Qb1 Rdg8 34. Nf3 Bd7 35. Qb3 Be6 36. Qb1 b5 37. Re2 Rg3 38. Bxg3 hxg3 39. Kg1 Bf8 40. Qc1 Bg4 41. Qc5 Qxc5 42. bxc5 Bh6 43. Rfe1 Bf4 44. Rc2 Kc6 45. Kf1 Rh8 46. Kg1 a5 47. Ree2 b4 48. axb4 axb4 49. Rb2 Rb8 50. Kf1 Bxf3 51. gxf3 Kxc5 52. Rec2+ Kb5 53. Rxb4+ Kxb4 54. Rb2+ Kc3 55. Rxb8 Kxd3 56. Rb3+ Kc2 57. Ra3 d3 58. Ra2+ Kd1 0-1

[Event "ESP-ch Seniora 50"]
[Site "Altea"]
[Date "2022.11.05"]
[Round "8"]
[White "Iruzubieta Villaluenga, Jesus Maria"]
[Black "Bevia Martinez, Luis"]
[Result "1-0"]
[WhiteElo "2432"]
[BlackElo "2107"]
[PlyCount "87"]
[EventDate "2022.10.29"]
[EventType "swiss"]
[EventRounds "9"]
[EventCountry "ESP"]
[SourceTitle "EXT 2024"]
[Source "ChessBase"]
[SourceDate "2023.10.10"]
[SourceVersion "1"]
[SourceVersionDate "2023.10.10"]
[SourceQuality "1"]
[WhiteTeam "Spain"]
[BlackTeam "Spain"]
[WhiteTeamCountry "ESP"]
[BlackTeamCountry "ESP"]

1. d4 Nf6 2. c4 e6 3. Nf3 Bb4+ 4. Nc3 b6 5. Bg5 Bb7 6. e3 d5 7. Qa4+ Nc6 8. Ne5 Bxc3+ 9. bxc3 0-0 10. Bxf6 gxf6 11. Nxc6 Qd7 12. cxd5 exd5 13. Qc2 Bxc6 14. Bd3 Kg7 15. 0-0 Bb5 16. Bf5 Ba4 17. Qb1 Qd6 18. Re1 Bd7 19. Bd3 Rae8 20. Qc2 Qe6 21. c4 c6 22. a4 f5 23. cxd5 cxd5 24. Qc7 Re7 25. Qf4 Rc8 26. h3 h6 27. Reb1 Rc3 28. Be2 Rc2 29. Bf1 Qe4 30. Qg3+ Kf6 31. a5 Re6 32. axb6 axb6 33. Rb4 Rec6 34. Kh2 Rc1 35. Rxc1 Rxc1 36. Rxb6+ Be6 37. Be2 Qc2 38. Bf3 Qc7 39. Qxc7 Rxc7 40. Bxd5 Rd7 41. Bf3 Kg7 42. Kg3 Bd5 43. Bxd5 Rxd5 44. Rc6 1-0

[Event "ESP-ch Seniora 50"]
[Site "Altea"]
[Date "2022.10.29"]
[Round "1"]
[White "Fernandez Lopez, Francisco Jose"]
[Black "Iruzubieta Villaluenga, Jesus Maria"]
[Result "1-0"]
[WhiteElo "1894"]
[BlackElo "2432"]
[PlyCount "60"]
[EventDate "2022.10.29"]
[EventType "swiss"]
[EventRounds "9"]
[EventCountry "ESP"]
[SourceTitle "EXT 2024"]
[Source "ChessBase"]
[SourceDate "2023.10.10"]
[SourceVersion "1"]
[SourceVersionDate "2023.10.10"]
[SourceQuality "1"]
[WhiteTeam "Spain"]
[BlackTeam "Spain"]
[WhiteTeamCountry "ESP"]
[BlackTeamCountry "ESP"]

1. d4 d6 2. Nf3 Nf6 3. g3 b6 4. Bg2 Bb7 5. c4 g6 6. Nc3 Ne4 7. Qc2 Nxc3 8. bxc3 Bg7 9. e4 0-0 10. h4 e5 11. Be3 exd4 12. cxd4 Qe8 13. Nd2 c5 14. Nb3 Nc6 15. Rd1 Nb4 16. Qb1 Qa4 17. Rd2 Qa6 18. 0-0 Rac8 19. Rc1 Rfe8 20. f3 d5 21. cxd5 Nxd5 22. Bf2 Bh6 23. exd5 Bxd2 24. Nxd2 c4 25. Ne4 Red8 26. f4 Qa3 27. h5 c3 28. Be1 b5 29. Rxc3 f5 30. Rxa3 Ra8 1-0

[Event "ESP-chT CECLUB Honor"]
[Site "Toledo"]
[Date "2021.10.16"]
[Round "6.4"]
[White "Alonso Rosell, Alvar"]
[Black "Iruzubieta Villaluenga, Jesus Maria"]
[Result "1-0"]
[WhiteElo "2570"]
[BlackElo "2442"]
[PlyCount "105"]
[EventDate "2021.10.11"]
[EventType "team-tourn"]
[EventRounds "7"]
[EventCountry "ESP"]
[SourceTitle "CBM 204 Extra"]
[Source "ChessBase"]
[SourceDate "2021.11.30"]
[SourceVersion "1"]
[SourceVersionDate "2021.11.30"]
[SourceQuality "1"]
[WhiteTeam "Silla Bosch Serinsys"]
[BlackTeam "Sestao Hotel Naval"]
[WhiteTeamCountry "ESP"]
[BlackTeamCountry "ESP"]

1. d4 d5 2. c4 c6 3. Nf3 Nf6 4. e3 Bf5 5. Nc3 e6 6. Nh4 Be4 7. f3 Bg6 8. Qb3 Qc7 9. Bd2 a6 10. cxd5 cxd5 11. Nxg6 hxg6 12. 0-0-0 Nc6 13. Kb1 Be7 14. Rc1 0-0 15. Bd3 Rfc8 16. Ne2 b5 17. h4 Qb6 18. g4 Na5 19. Bxa5 Qxa5 20. Qd1 Rc7 21. Ng3 Rac8 22. Rxc7 Qxc7 23. f4 Ne8 24. g5 Nd6 25. h5 Nf5 26. hxg6 fxg6 27. Nxf5 exf5 28. Qb3 Qd6 29. Be2 Kf7 30. Bf3 Rc4 31. Rh8 Bf8 32. Qd1 Rc8 33. Qh1 Ke6 34. Rh2 Qc6 35. Qd1 Bb4 36. Be2 Be7 37. Rh1 Qd6 38. Qb3 Qb4 39. Qd1 Qd6 40. Bd3 Qb4 41. a3 Qd6 42. Qb3 Kf7 43. Ka1 Qe6 44. Bb1 Rc4 45. Qd3 Qc6 46. Qd1 Qd6 47. Ba2 Rc8 48. Qf3 Rd8 49. Rc1 Kf8 50. Rc5 Qe6 51. Bxd5 Qb6 52. Rc6 Qa5 53. Qh1 1-0

[Event "Guimaraes op"]
[Site "Guimaraes"]
[Date "2021.08.26"]
[Round "5"]
[White "Domingo Nunez, Alejandro"]
[Black "Iruzubieta Villaluenga, Jesus Maria"]
[Result "1/2-1/2"]
[WhiteElo "2345"]
[BlackElo "2441"]
[PlyCount "71"]
[EventDate "2021.08.24"]
[EventType "swiss"]
[EventRounds "9"]
[EventCountry "POR"]
[SourceTitle "CBM 204 Extra"]
[Source "ChessBase"]
[SourceDate "2021.11.30"]
[SourceVersion "1"]
[SourceVersionDate "2021.11.30"]
[SourceQuality "1"]

1. e4 e5 2. Nf3 Nc6 3. Bc4 Nf6 4. d3 Be7 5. 0-0 0-0 6. Re1 d6 7. a4 Kh8 8. h3 Ng8 9. Nc3 f5 10. Nd5 fxe4 11. dxe4 Be6 12. c3 Qd7 13. Bf1 Rae8 14. b4 Bd8 15. Ng5 Bxg5 16. Bxg5 Nce7 17. Be3 b6 18. a5 Rb8 19. axb6 axb6 20. Ra7 Nxd5 21. exd5 Bf7 22. c4 Ne7 23. Qg4 Nf5 24. Bd3 Bg6 25. Bg5 Qf7 26. f4 exf4 27. Bxf4 b5 28. Bxf5 Bxf5 29. Qg5 Bg6 30. Bg3 bxc4 31. Ra2 Qf5 32. Qxf5 Rxf5 33. Ra7 Rxd5 34. Rxc7 Rd3 35. Kh2 c3 36. Rc1 1/2-1/2

[Event "Guimaraes op"]
[Site "Guimaraes"]
[Date "2021.08.25"]
[Round "2"]
[White "Iruzubieta Villaluenga, Jesus Maria"]
[Black "Cuevas Fernandez, Jose Alberto"]
[Result "1-0"]
[WhiteElo "2441"]
[BlackElo "2149"]
[PlyCount "95"]
[EventDate "2021.08.24"]
[EventType "swiss"]
[EventRounds "9"]
[EventCountry "POR"]
[SourceTitle "CBM 204 Extra"]
[Source "ChessBase"]
[SourceDate "2021.11.30"]
[SourceVersion "1"]
[SourceVersionDate "2021.11.30"]
[SourceQuality "1"]

1. e4 b6 2. d4 Bb7 3. Bd3 e6 4. Nf3 Nf6 5. Qe2 d5 6. e5 Ne4 7. 0-0 c5 8. c3 cxd4 9. cxd4 Nc6 10. Bxe4 dxe4 11. Qxe4 Qd7 12. Nc3 Nb4 13. Qf4 h6 14. Rd1 Nd5 15. Qg4 Nxc3 16. bxc3 Rc8 17. Bd2 Qd5 18. h3 h5 19. Qg3 Be7 20. h4 Rg8 21. Ng5 Rh8 22. f3 Bxg5 23. Qxg5 Rh6 24. Rf1 Rg6 25. Qxh5 Qb5 26. Bg5 Qd3 27. Qg4 Qf5 28. Qxf5 exf5 29. Bd2 Bd5 30. Kf2 Rgc6 31. h5 Kd7 32. Rh1 Rh8 33. a3 Rc4 34. Ke3 Rh7 35. Kf4 Ke6 36. Rh3 Rc8 37. g4 fxg4 38. fxg4 Rch8 39. Kg3 Kd7 40. Rh2 Kc6 41. Rf2 Kb5 42. Rb1+ Kc4 43. Rb4+ Kd3 44. Be1 g6 45. Kf4 gxh5 46. Rd2+ Kxc3 47. Ke3 hxg4 48. Rdb2# 1-0

[Event "Guimaraes op"]
[Site "Guimaraes"]
[Date "2021.08.25"]
[Round "3"]
[White "Jimenez Martinez, Jose Vicente"]
[Black "Iruzubieta Villaluenga, Jesus Maria"]
[Result "0-1"]
[WhiteElo "2271"]
[BlackElo "2441"]
[PlyCount "60"]
[EventDate "2021.08.24"]
[EventType "swiss"]
[EventRounds "9"]
[EventCountry "POR"]
[SourceTitle "CBM 204 Extra"]
[Source "ChessBase"]
[SourceDate "2021.11.30"]
[SourceVersion "1"]
[SourceVersionDate "2021.11.30"]
[SourceQuality "1"]

1. d4 Nf6 2. c4 Nc6 3. d5 Ne5 4. Qa4 e6 5. e3 a6 6. Nc3 Rb8 7. f4 Ng6 8. Bd3 b5 9. cxb5 axb5 10. Bxb5 exd5 11. Nf3 Bc5 12. b4 Bb6 13. Bd3 Qe7 14. Bxg6 hxg6 15. 0-0 Bxe3+ 16. Kh1 Bxc1 17. Re1 Be3 18. Rxe3 Qxe3 19. Re1 Qxe1+ 20. Nxe1 0-0 21. a3 d6 22. Qd1 Be6 23. b5 Rfc8 24. Nc2 c5 25. a4 d4 26. Nb1 Bb3 27. Qd3 c4 28. Qd2 d3 29. Nca3 Bxa4 30. Nc3 Bb3 0-1

[Event "ESP-chT CECLUB Div2"]
[Site "Linares"]
[Date "2019.08.23"]
[Round "7.2"]
[White "Khamrakulov, Ibragim S"]
[Black "Iruzubieta Villaluenga, Jesus Maria"]
[Result "0-1"]
[WhiteElo "2429"]
[BlackElo "2438"]
[PlyCount "74"]
[EventDate "2019.08.19"]
[EventType "team-swiss"]
[EventRounds "7"]
[EventCountry "ESP"]
[SourceTitle "EXT 2020"]
[Source "ChessBase"]
[SourceDate "2019.10.17"]
[SourceVersion "1"]
[SourceVersionDate "2019.10.17"]
[SourceQuality "1"]
[WhiteTeam "Villalba 64"]
[BlackTeam "Sestao"]
[WhiteTeamCountry "ESP"]
[BlackTeamCountry "ESP"]

1. e4 e5 2. Nf3 Nc6 3. Bc4 Nf6 4. d3 h6 5. 0-0 d6 6. Nc3 Na5 7. Bb3 Nxb3 8. axb3 Be7 9. d4 exd4 10. Qxd4 a6 11. b4 Bg4 12. Nd2 0-0 13. Nc4 Re8 14. h3 Be6 15. Bf4 d5 16. exd5 Bxb4 17. Ne3 Bxc3 18. Qxc3 Nxd5 19. Nxd5 Qxd5 20. Bxc7 Rac8 21. Qg3 Bxh3 22. gxh3 Re6 23. Ra4 h5 24. Ra5 b5 25. c4 Qxc4 26. Bf4 Rg6 27. Bg5 f6 28. h4 fxg5 29. hxg5 Qc5 30. Kh1 Rxg5 31. Qb3+ Qc4 32. Qxc4+ Rxc4 33. f4 Rf5 34. Rxa6 Rcxf4 35. Rg1 Rh4+ 36. Kg2 Rg5+ 37. Kf2 Rh2+ 0-1

[Event "POR-chT"]
[Site "Evora"]
[Date "2019.07.17"]
[Round "4.3"]
[White "Del Rio de Angelis, Salvador Gabriel"]
[Black "Iruzubieta Villaluenga, Jesus Maria"]
[Result "1/2-1/2"]
[WhiteElo "2464"]
[BlackElo "2438"]
[PlyCount "39"]
[EventDate "2019.07.15"]
[EventType "team-tourn"]
[EventRounds "9"]
[EventCountry "POR"]
[SourceTitle "CBM 191 Extra"]
[Source "ChessBase"]
[SourceDate "2019.09.30"]
[SourceVersion "1"]
[SourceVersionDate "2019.09.30"]
[SourceQuality "1"]
[WhiteTeam "Assembleia Figueirense"]
[BlackTeam "Porto A Gx"]
[WhiteTeamCountry "POR"]
[BlackTeamCountry "POR"]

1. d4 d5 2. c4 c6 3. Nf3 Nf6 4. Nc3 dxc4 5. a4 Bf5 6. e3 e6 7. Bxc4 Bb4 8. 0-0 0-0 9. Nh4 Bg4 10. f3 Bh5 11. g4 Bg6 12. Nxg6 hxg6 13. e4 Nbd7 14. g5 Ne8 15. Kg2 e5 16. dxe5 Nxe5 17. Qxd8 Rxd8 18. Be2 Nc7 19. Bf4 f6 20. Bxe5 1/2-1/2

[Event "POR-chT"]
[Site "Evora"]
[Date "2019.07.16"]
[Round "2.4"]
[White "Iruzubieta Villaluenga, Jesus Maria"]
[Black "Santos Latasa, Jaime"]
[Result "0-1"]
[WhiteElo "2438"]
[BlackElo "2594"]
[PlyCount "85"]
[EventDate "2019.07.15"]
[EventType "team-tourn"]
[EventRounds "9"]
[EventCountry "POR"]
[SourceTitle "CBM 191 Extra"]
[Source "ChessBase"]
[SourceDate "2019.09.30"]
[SourceVersion "1"]
[SourceVersionDate "2019.09.30"]
[SourceQuality "1"]
[WhiteTeam "Porto A Gx"]
[BlackTeam "Montemor o Novo"]
[WhiteTeamCountry "POR"]
[BlackTeamCountry "POR"]

1. e4 g6 2. d4 Bg7 3. Nf3 d6 4. Nc3 a6 5. a4 Nf6 6. h3 0-0 7. Bg5 c5 8. dxc5 Qa5 9. Bxf6 Bxf6 10. cxd6 Bxc3+ 11. bxc3 Qxc3+ 12. Nd2 exd6 13. Bd3 Be6 14. 0-0 Nd7 15. f4 Nc5 16. Nf3 Bc4 17. Bxc4 Qxc4 18. Qxd6 Nxe4 19. Qd3 Rac8 20. Rfe1 Ng3 21. Qxc4 Rxc4 22. Re7 Rxc2 23. Rae1 Rb2 24. Nh4 Rc8 25. Kh2 Nh5 26. f5 g5 27. f6 Nxf6 28. Nf5 Rf8 29. R1e5 Nh5 30. Rc7 Nf4 31. Ne7+ Kh8 32. Kh1 Rxg2 33. Nf5 Rf2 34. Rxf7 Ng6 35. Rxf8+ Nxf8 36. Nd6 h6 37. Re7 Rf6 38. Nxb7 Ne6 39. Kh2 Kg8 40. Nd6 Nd4 41. Nc4 Rf2+ 42. Kg3 Rf4 43. Ne5 0-1

[Event "La Palma Island op"]
[Site "Santa Cruz de La Palma"]
[Date "2018.08.12"]
[Round "4"]
[White "Turov, Maxim"]
[Black "Iruzubieta Villaluenga, Jesus Maria"]
[Result "1-0"]
[WhiteElo "2573"]
[BlackElo "2430"]
[PlyCount "89"]
[EventDate "2018.08.10"]
[EventType "swiss"]
[EventRounds "10"]
[EventCountry "ESP"]
[SourceTitle "CBM 186 Extra"]
[Source "ChessBase"]
[SourceDate "2018.08.24"]
[SourceVersion "1"]
[SourceVersionDate "2018.08.24"]
[SourceQuality "1"]

1. Nf3 Nf6 2. g3 d5 3. Bg2 Bg4 4. 0-0 Nbd7 5. d3 e6 6. h3 Bh5 7. Nbd2 Bc5 8. c4 c6 9. b3 0-0 10. Bb2 Qe7 11. a3 a5 12. d4 Bb6 13. Nh4 e5 14. cxd5 Nxd5 15. dxe5 Nxe5 16. Nf5 Qe6 17. g4 Bg6 18. Bxe5 Qxe5 19. Nc4 Qc7 20. Bxd5 Bxf5 21. gxf5 Rad8 22. Nxb6 Qxb6 23. Bxf7+ Rxf7 24. Qc2 Rdf8 25. e4 g6 26. Kh1 Qd4 27. Rad1 Qf6 28. Rg1 Kh8 29. f4 gxf5 30. e5 Qe7 31. Qc3 Rg8 32. Rxg8+ Kxg8 33. Qxa5 Kg7 34. Qc3 Kh6 35. Rd6+ Kg7 36. Kh2 Qh4 37. Qg3+ Qxg3+ 38. Kxg3 Kf8 39. Kh4 Ke7 40. Kg5 Rg7+ 41. Kxf5 Rg3 42. Rh6 Rxb3 43. Rxh7+ Kd8 44. e6 c5 45. Ke4 1-0

[Event "POR-chT"]
[Site "Maia"]
[Date "2018.07.22"]
[Round "9.5"]
[White "Nagy, Gabor"]
[Black "Iruzubieta Villaluenga, Jesus Maria"]
[Result "1/2-1/2"]
[WhiteElo "2474"]
[BlackElo "2439"]
[PlyCount "79"]
[EventDate "2018.07.16"]
[EventType "team-tourn"]
[EventRounds "9"]
[EventCountry "POR"]
[SourceTitle "CBM 185 Extra"]
[Source "ChessBase"]
[SourceDate "2018.07.29"]
[SourceVersion "1"]
[SourceVersionDate "2018.07.29"]
[SourceQuality "1"]
[WhiteTeam "Dias Ferreira"]
[BlackTeam "Porto A"]
[WhiteTeamCountry "POR"]
[BlackTeamCountry "POR"]

1. c4 c6 2. Nf3 d5 3. Qa4 e6 4. g3 f5 5. cxd5 exd5 6. Bg2 Nf6 7. 0-0 Bd6 8. d3 Nbd7 9. Nc3 0-0 10. Qc2 Qe7 11. Re1 Ne5 12. Bf4 Nxf3+ 13. exf3 Qd8 14. Ne2 Re8 15. Qd2 Qc7 16. Bxd6 Qxd6 17. d4 Bd7 18. Nf4 c5 19. dxc5 Qxc5 20. Red1 Bc6 21. Rac1 Qe7 22. b3 Rad8 23. Qd4 a6 24. Bf1 Qd6 25. Rc2 Nd7 26. Rcd2 Ne5 27. Bg2 g5 28. Ne2 Ng6 29. Qb6 f4 30. Nd4 Rd7 31. Rc2 Ne5 32. Re2 Bb5 33. Qxd6 Rxd6 34. Nxb5 axb5 35. Rd4 Kf7 36. Red2 Red8 37. Rb4 Rb6 38. Rbd4 Rbd6 39. Rb4 Rb6 40. Rbd4 1/2-1/2

[Event "POR-chT"]
[Site "Maia"]
[Date "2018.07.21"]
[Round "8.2"]
[White "Iruzubieta Villaluenga, Jesus Maria"]
[Black "Vassallo Barroche, Mauricio"]
[Result "1-0"]
[WhiteElo "2439"]
[BlackElo "2386"]
[PlyCount "83"]
[EventDate "2018.07.16"]
[EventType "team-tourn"]
[EventRounds "9"]
[EventCountry "POR"]
[SourceTitle "CBM 185 Extra"]
[Source "ChessBase"]
[SourceDate "2018.07.29"]
[SourceVersion "1"]
[SourceVersionDate "2018.07.29"]
[SourceQuality "1"]
[WhiteTeam "Porto A"]
[BlackTeam "Assembleia Figueirense"]
[WhiteTeamCountry "POR"]
[BlackTeamCountry "POR"]

1. e4 c5 2. Nf3 d6 3. d4 cxd4 4. Nxd4 Nf6 5. Nc3 g6 6. Be3 Bg7 7. f3 a6 8. Bc4 Nbd7 9. Qd2 b5 10. Bb3 Bb7 11. 0-0-0 Qc7 12. Kb1 Nc5 13. Nd5 Bxd5 14. Bxd5 Rc8 15. Bh6 Bxh6 16. Qxh6 e6 17. Qg7 Nxd5 18. Qxh8+ Ke7 19. Qxh7 Ne3 20. Qh4+ Ke8 21. Qf2 Nxd1 22. Rxd1 Na4 23. c3 Nb6 24. Nb3 d5 25. exd5 Nxd5 26. g3 Kf8 27. f4 a5 28. Nd4 b4 29. cxb4 axb4 30. Nb3 Qb7 31. g4 Rd8 32. Ka1 Ra8 33. f5 gxf5 34. gxf5 Qa6 35. Nc1 b3 36. Qc5+ Ke8 37. fxe6 fxe6 38. Rg1 bxa2 39. Nd3 Ne7 40. Qh5+ Kd8 41. Nc5 Qc6 42. Nxe6+ 1-0

[Event "San Sebastian op 41st"]
[Site "San Sebastian"]
[Date "2018.03.27"]
[Round "5"]
[White "Iruzubieta Villaluenga, Jesus Maria"]
[Black "Sielecki, Christof"]
[Result "1/2-1/2"]
[WhiteElo "2426"]
[BlackElo "2435"]
[PlyCount "114"]
[EventDate "2018.03.24"]
[EventType "swiss"]
[EventRounds "9"]
[EventCountry "ESP"]
[SourceTitle "CBM 183 Extra"]
[Source "ChessBase"]
[SourceDate "2018.04.19"]
[SourceVersion "1"]
[SourceVersionDate "2018.04.19"]
[SourceQuality "1"]

1. e4 d6 2. Nc3 Nf6 3. d4 e5 4. Nge2 Be7 5. g3 Nbd7 6. Bg2 0-0 7. 0-0 c6 8. h3 b5 9. a3 Re8 10. Be3 Bf8 11. Qd2 Bb7 12. g4 exd4 13. Nxd4 c5 14. Ndxb5 Nb6 15. Bf4 Nxe4 16. Nxe4 Bxe4 17. Nxd6 Bxg2 18. Kxg2 Bxd6 19. Qxd6 Qc8 20. Rfe1 Rd8 21. Qc7 Nd5 22. Qxc8 Nxf4+ 23. Kf3 Raxc8 24. Kxf4 Rd2 25. f3 Rxc2 26. Rac1 g5+ 27. Kxg5 Rxb2 28. Rc3 Rc6 29. Re4 Kg7 30. Rec4 Ra2 31. h4 Ra6 32. Rxc5 R2xa3 33. Rxa3 Rxa3 34. f4 Ra6 35. f5 Rb6 36. Rc8 h6+ 37. Kh5 Rb5 38. Ra8 a5 39. Ra6 Rb8 40. Rxa5 Rb7 41. f6+ Kh7 42. Rf5 Rb6 43. Rf1 Rb2 44. Re1 Rf2 45. g5 hxg5 46. hxg5 Rh2+ 47. Kg4 Kg6 48. Re8 Rg2+ 49. Kf4 Rf2+ 50. Kg3 Rf5 51. Rg8+ Kh5 52. Rg7 Rxg5+ 53. Kf4 Ra5 54. Rxf7 Kg6 55. Rf8 Rf5+ 56. Ke3 Rxf6 57. Rxf6+ Kxf6 1/2-1/2

[Event "San Sebastian op 41st"]
[Site "San Sebastian"]
[Date "2018.03.26"]
[Round "4"]
[White "Martinez Duany, Lelys Stanley"]
[Black "Iruzubieta Villaluenga, Jesus Maria"]
[Result "1/2-1/2"]
[WhiteElo "2499"]
[BlackElo "2426"]
[PlyCount "144"]
[EventDate "2018.03.24"]
[EventType "swiss"]
[EventRounds "9"]
[EventCountry "ESP"]
[SourceTitle "CBM 183 Extra"]
[Source "ChessBase"]
[SourceDate "2018.04.19"]
[SourceVersion "1"]
[SourceVersionDate "2018.04.19"]
[SourceQuality "1"]

1. e4 c5 2. Nf3 d6 3. c3 Nf6 4. h3 Nbd7 5. Bd3 Ne5 6. Bc2 Nxf3+ 7. Qxf3 e5 8. Ba4+ Bd7 9. Bxd7+ Qxd7 10. d3 Be7 11. Bg5 0-0 12. Nd2 Ne8 13. h4 Nc7 14. Bxe7 Qxe7 15. Nc4 Qd7 16. Ne3 Qb5 17. 0-0-0 Rad8 18. Rh3 Kh8 19. Rg3 Qd7 20. h5 f6 21. Qg4 Qxg4 22. Rxg4 d5 23. g3 Rfe8 24. Kc2 Rd7 25. a4 Kg8 26. Rh4 Kf7 27. Rhh1 Red8 28. f3 Rd6 29. Rd2 Ra6 30. Ra1 Rad6 31. Ra3 b6 32. Ra1 R6d7 33. Rh1 Rd6 34. Rh4 R6d7 35. Rg4 Re8 36. Rg2 Red8 37. f4 Re8 38. Nf5 Kf8 39. Re2 exf4 40. gxf4 dxe4 41. dxe4 Ne6 42. e5 fxe5 43. fxe5 Kg8 44. Rd2 Rxd2+ 45. Kxd2 Rf8 46. Nxg7 Nxg7 47. h6 Rf7 48. Ke3 Kf8 49. hxg7+ Rxg7 50. Rh4 Kf7 51. Ke4 Ke6 52. b3 h5 53. Rxh5 Rg4+ 54. Kd3 Rg3+ 55. Kc2 Rg2+ 56. Kb1 Kd5 57. Rh7 c4 58. Rd7+ Kxe5 59. bxc4 Rg4 60. Rxa7 Rxc4 61. Kc2 Kd6 62. Kb3 Rh4 63. Rg7 Rh6 64. Kb4 Kc6 65. c4 Rf6 66. Rg5 Rf1 67. a5 bxa5+ 68. Rxa5 Rb1+ 69. Kc3 Rc1+ 70. Kb3 Rb1+ 71. Kc2 Rh1 72. Rg5 Rh3 1/2-1/2

[Event "Euskadi-chT (Vasca) Div Honor"]
[Site "Bergara"]
[Date "2018.02.24"]
[Round "7.3"]
[White "Iruzubieta Villaluenga, Jesus Maria"]
[Black "Ortega Lopez, Mikel"]
[Result "1/2-1/2"]
[WhiteElo "2426"]
[BlackElo "2240"]
[PlyCount "127"]
[EventDate "2018.01.13"]
[EventType "team-tourn"]
[EventRounds "9"]
[EventCountry "ESP"]
[SourceTitle "EXT 2020"]
[Source "ChessBase"]
[SourceDate "2019.10.17"]
[SourceVersion "1"]
[SourceVersionDate "2019.10.17"]
[SourceQuality "1"]
[WhiteTeam "Sestao"]
[BlackTeam "Orvina"]
[WhiteTeamCountry "ESP"]
[BlackTeamCountry "ESP"]

1. e4 c5 2. Nf3 Nc6 3. d4 cxd4 4. Nxd4 g6 5. c4 d6 6. Nc3 Bg7 7. Be3 Qb6 8. Ndb5 Bxc3+ 9. Nxc3 Qxb2 10. Nb5 Kf8 11. Bd3 a6 12. Nc7 Bg4 13. Rb1 Qxa2 14. Qd2 Qxd2+ 15. Kxd2 Rb8 16. Rb6 Kg7 17. Nxa6 bxa6 18. Rxc6 Nf6 19. Rxa6 Rhc8 20. Bd4 Be6 21. Rc1 Rb4 22. Ra7 Kf8 23. Bc3 Rb6 24. Bd4 Rbc6 25. Bxf6 exf6 26. Ra4 Rc5 27. f3 f5 28. exf5 Bxf5 29. Ra6 Bxd3 30. Kxd3 d5 31. Rc2 dxc4+ 32. Kd4 Rh5 33. h3 Rd8+ 34. Kc3 Re5 35. Raa2 Rc8 36. Kd4 Re1 37. Ra4 Rd1+ 38. Ke3 Rd3+ 39. Ke2 Re8+ 40. Kf2 c3 41. Rc4 Ree3 42. Rd4 Rxf3+ 43. gxf3 Rxd4 44. Rxc3 g5 45. Rc5 h6 46. Kg3 Kg7 47. Rc6 h5 48. Ra6 h4+ 49. Kf2 Rd2+ 50. Kg1 f6 51. Rb6 Kg6 52. Rb5 Re2 53. Ra5 Re5 54. Rxe5 fxe5 55. Kg2 Kf5 56. Kf1 Kf4 57. Kf2 e4 58. fxe4 Kxe4 59. Ke2 Kd4 60. Kf2 Kd5 61. Kf3 Ke5 62. Ke3 Kd5 63. Kf3 Ke5 64. Ke3 1/2-1/2

[Event "Getxo op 2nd"]
[Site "Getxo"]
[Date "2017.09.12"]
[Round "6"]
[White "Huerga Leache, Mikel"]
[Black "Iruzubieta Villaluenga, Jesus Maria"]
[Result "1-0"]
[WhiteElo "2443"]
[BlackElo "2426"]
[PlyCount "59"]
[EventDate "2017.09.09"]
[EventType "swiss"]
[EventRounds "9"]
[EventCountry "ESP"]
[SourceTitle "CBM 180 Extra"]
[Source "ChessBase"]
[SourceDate "2017.10.06"]
[SourceVersion "1"]
[SourceVersionDate "2017.10.06"]
[SourceQuality "1"]

1. Nf3 d5 2. c4 d4 3. b4 f6 4. e3 e5 5. c5 a5 6. Qa4+ Bd7 7. b5 dxe3 8. fxe3 Bxc5 9. Bc4 Nh6 10. Nc3 Bf5 11. Bd5 c6 12. bxc6 bxc6 13. Bxc6+ Bd7 14. Bxd7+ Nxd7 15. Rb1 Nf7 16. Ne4 Bb4 17. Nh4 0-0 18. Nf5 g6 19. Qxd7 gxf5 20. Qxf5 Nh6 21. Qe6+ Kh8 22. Nf2 Qc8 23. Qxc8 Rfxc8 24. Ke2 Rc2 25. a3 Be7 26. Rb7 Ng8 27. Bb2 Bb4 28. axb4 Rxb2 29. Nd3 Rb3 30. Rc1 1-0

[Event "Getxo op 2nd"]
[Site "Getxo"]
[Date "2017.09.11"]
[Round "5"]
[White "Iruzubieta Villaluenga, Jesus Maria"]
[Black "Santos Latasa, Jaime"]
[Result "1/2-1/2"]
[WhiteElo "2426"]
[BlackElo "2523"]
[PlyCount "49"]
[EventDate "2017.09.09"]
[EventType "swiss"]
[EventRounds "9"]
[EventCountry "ESP"]
[SourceTitle "CBM 180 Extra"]
[Source "ChessBase"]
[SourceDate "2017.10.06"]
[SourceVersion "1"]
[SourceVersionDate "2017.10.06"]
[SourceQuality "1"]

1. e4 e6 2. d4 d5 3. Nc3 Bb4 4. e5 b6 5. a3 Bxc3+ 6. bxc3 Qd7 7. Qg4 f5 8. Qg3 Ba6 9. Bxa6 Nxa6 10. Ne2 Kf7 11. a4 Ne7 12. h4 c5 13. h5 h6 14. Nf4 Rac8 15. Qd3 Nb8 16. a5 cxd4 17. cxd4 Nbc6 18. Bd2 Nxa5 19. Bxa5 bxa5 20. Rxa5 Rhe8 21. 0-0 Nc6 22. Ra3 Nb4 23. Qd2 Rb8 24. Rfa1 Nc6 25. Nd3 1/2-1/2